000 00411cam a2200157ua 4500
041 _amal
_h
082 _a894.8121
_bACH/SR
100 _aAchyutha Warrier, K .
245 _aSree Mahabharatham /
_cK Achyutha Warrier.
_hTextual Documents
250 _a18 /
_b.
260 _aQuilon :
_bSree Rama Vilasam Press & Book Depot ,
_c1962.
300 _a359 ; .
504 _a
942 _cBK
999 _c6631
_d6631